000 00742nam a22002057a 4500
001 0000003897
003 PPM
005 20260421125027.0
008 260421b ||||| |||| 00| 0 eng d
020 _a9789833374175
_qPaperback
035 _a0000003897
040 _bEng
_cPusat Penyelidikan Mineral, Jabatan Mineral Dan Geosains Malaysia
_dPPM
_eRDA
082 0 0 _222
_a342.5951
_bCON 2007
245 1 0 _aConstitution Of The Federation Of Malaya 1957
260 1 _aKuala Lumpur :
_bKementerian Kebudayaan Kesenian dan Warisan Malaysia (KEKKWA)
_c2007
300 0 0 _aVarious pages :
_bsome colour, illustrations .;
_c21 cm
650 1 0 _aConstitutional law
_y1957
_zMalaya
650 2 0 _aConstitutional history
_y1957
_zMalaya
942 _2ddc
_cBK
999 _c27211
_d27211